MARC details
| 000 -LEADER |
| fixed length control field |
01113nam a2200229 a 4500 |
| 008 - FIXED-LENGTH DATA ELEMENTS--GENERAL INFORMATION |
| fixed length control field |
160509s2011 ||||||||||||||||| || u |
| 020 ## - INTERNATIONAL STANDARD BOOK NUMBER |
| International Standard Book Number |
9780821382578 |
| 050 ## - LIBRARY OF CONGRESS CALL NUMBER |
| Classification number |
HG 3982 Lev |
| 100 ## - MAIN ENTRY--PERSONAL NAME |
| Personal name |
Ratha, Dilip |
| 245 10 - TITLE STATEMENT |
| Title |
Leveraging migration for Africa: remittances, skills and investments |
| Statement of responsibility, etc. |
By Dilip Ratha, Sanket Mohapatra, Caglar Ozden, Sonia Plaza, William Shaw [and] Abebe Shimeles |
| 260 ## - PUBLICATION, DISTRIBUTION, ETC. |
| Place of publication, distribution, etc. |
Washington D.C |
| Name of publisher, distributor, etc. |
The International Bank for Reconstruction |
| Date of publication, distribution, etc. |
2011 |
| 300 ## - PHYSICAL DESCRIPTION |
| Extent |
xix, 212p.: ill. |
| 350 ## - |
| -- |
39.95 |
| 650 ## - SUBJECT ADDED ENTRY--TOPICAL TERM |
| Topical term or geographic name entry element |
INVESTMENTS, FOREIGN--AFRICA |
| 650 ## - SUBJECT ADDED ENTRY--TOPICAL TERM |
| Topical term or geographic name entry element |
AFRICAN DIASPORA--ECONOMIC ASPECTS |
| 650 ## - SUBJECT ADDED ENTRY--TOPICAL TERM |
| Topical term or geographic name entry element |
EMIGRANT REMITTANCES--AFRICA |
| 650 ## - SUBJECT ADDED ENTRY--TOPICAL TERM |
| Topical term or geographic name entry element |
AFRICA--EMIGRATION AND IMMIGRATION--ECONOMIC |
| 700 ## - ADDED ENTRY--PERSONAL NAME |
| Personal name |
Ozden, Caglar |
| 700 ## - ADDED ENTRY--PERSONAL NAME |
| Personal name |
Mohapatra, Sanket |
| 995 ## - |
| -- |
MAIN LIBRARY OPEN ACCESS |
| -- |
745661 |
| -- |
CBU-MAIN LIBRARY (Kitwe) |
| -- |
39.95 |
| -- |
HG 3982 Lev |
| -- |
1 |
| -- |
AVAILABLE |
| -- |
May 12, 2016 |
| -- |
745661 |
| -- |
Main Library Open Access Collection |
| 995 ## - |
| -- |
MAIN LIBRARY OPEN ACCESS |
| -- |
745919 |
| -- |
CBU-MAIN LIBRARY (Kitwe) |
| -- |
39.95 |
| -- |
HG 3982 Lev |
| -- |
2 |
| -- |
AVAILABLE |
| -- |
Jun 23, 2016 |
| -- |
745919 |
| -- |
Main Library Open Access Collection |
| 999 ## - |
| -- |
80499 |
| -- |
80499 |